| 000 -LEADER | |
|---|---|
| fixed length control field | 00435nam a22001337a 4500 |
| 020 ## - INTERNATIONAL STANDARD BOOK NUMBER | |
| ISBN | 9780749459895 |
| 050 ## - LIBRARY OF CONGRESS CALL NUMBER | |
| Classification number | HF5549.17 |
| 100 ## - MAIN ENTRY--AUTHOR NAME | |
| Personal name | Armstrong, Micheal |
| 245 ## - TITLE STATEMENT | |
| Title | Armstrong's essential human resource management: a guide to people management |
| 260 ## - PUBLICATION, DISTRIBUTION, ETC. (IMPRINT) | |
| Place of publication | London |
| Name of publisher | Kogan Page |
| Year of publication | 2010 |
| 300 ## - PHYSICAL DESCRIPTION | |
| Number of Pages | viii, 424p.:ill., includes bibliographical references and index |
| 650 ## - SUBJECT ADDED ENTRY--TOPICAL TERM | |
| Topical Term | Personnel management-handbooks, manuals |
| 942 ## - ADDED ENTRY ELEMENTS (KOHA) | |
| Koha item type | Books |
| Koha item type | Collection code | Shelving location | Accession Number | Permanent Location | Current Location | Date acquired | Full call number |
|---|---|---|---|---|---|---|---|
| Books | Lending | Lending | 1269 | Chapman Library | Chapman Library | 2016-04-25 | HF5549.17arm |
| Books | Lending | Book Cart | 1270 | Chapman Library | Chapman Library | 2016-04-25 | HF5549.17arm |
| Books | Reference | Reference | 1271 | Chapman Library | Chapman Library | 2016-04-25 | HF5549.17arm |
| Books | Reference | Reference | 1272 | Chapman Library | Chapman Library | 2016-04-25 | HF5549.17arm |

